Engineering mathematics, programmes and problems / (Record no. 3298)
[ view plain ]
| 000 -LEADER | |
|---|---|
| fixed length control field | 00401nam a2200145 4500 |
| 008 - FIXED-LENGTH DATA ELEMENTS--GENERAL INFORMATION | |
| fixed length control field | 200331b ||||| |||| 00| 0 eng d |
| 082 00 - DEWEY DECIMAL CLASSIFICATION NUMBER | |
| Classification number | 510.2462 |
| Item number | S9252 |
| 100 ## - MAIN ENTRY--PERSONAL NAME | |
| 9 (RLIN) | 1183 |
| Personal name | Stroud, K. A. |
| 245 10 - TITLE STATEMENT | |
| Title | Engineering mathematics, programmes and problems / |
| 250 ## - EDITION STATEMENT | |
| Edition statement | 2nd ed. |
| 260 ## - PUBLICATION, DISTRIBUTION, ETC. (IMPRINT) | |
| Place of publication, distribution, etc | London |
| Name of publisher, distributor, etc | Macmillan |
| Date of publication, distribution, etc | 1982 |
| 300 ## - PHYSICAL DESCRIPTION | |
| Extent | xix, 894 p. |
| 650 #0 - SUBJECT ADDED ENTRY--TOPICAL TERM | |
| Topical term or geographic name as entry element | Mathematics |
| 942 ## - ADDED ENTRY ELEMENTS (KOHA) | |
| Source of classification or shelving scheme | |
| Item type | Books |
| Withdrawn status | Lost status | Source of classification or shelving scheme | Damaged status | Not for loan | Permanent location | Current location | Date acquired | Full call number | Barcode | Date last seen | Koha item type |
|---|---|---|---|---|---|---|---|---|---|---|---|
| IMU Kolkata | IMU Kolkata | 2020-03-31 | 510.2462 S9252 | 05820 | 2020-03-31 | Books | |||||
| IMU Kolkata | IMU Kolkata | 2020-03-31 | 510.2462 S9252 | 05832 | 2020-03-31 | Books | |||||
| IMU Kolkata | IMU Kolkata | 2020-03-31 | 510.2462 S9252 | 05837 | 2020-03-31 | Books | |||||
| IMU Kolkata | IMU Kolkata | 2020-03-31 | 510.2462 S9252 | 05842 | 2020-03-31 | Books | |||||
| IMU Kolkata | IMU Kolkata | 2020-06-09 | 510.2462 S9252 | 06028 | 2020-06-09 | Books | |||||
| IMU Kolkata | IMU Kolkata | 2020-06-10 | 510.2462 S9252 | 06125 | 2020-06-10 | Books | |||||
| IMU Kolkata | IMU Kolkata | 2020-06-10 | 510.2462 S9252 | 06132 | 2020-06-10 | Books | |||||
| IMU Kolkata | IMU Kolkata | 2020-06-10 | 510.2462 S9252 | 06144 | 2020-06-10 | Books | |||||
| IMU Kolkata | IMU Kolkata | 2020-06-29 | 510.2462 S9252 | 06765 | 2020-06-29 | Books |